Statistics for Military Strength Ranking Quiz - 2024

Click here to take the quiz!

General Stats

  • This quiz has been taken 106 times
  • The average score is 13 of 15

Answer Stats

RankingCountry% Correct
2Russia
100%
3China
98%
1USA
97%
4India
95%
11France
94%
6UK
94%
7Japan
92%
10Italy
87%
9Pakistan
86%
8Turkey
86%
5South Korea
85%
12Brazil
84%
14Iran
79%
15Egypt
69%
13Indonesia
63%

Score Distribution

Percentile by Number Answered

Percent of People with Each Score

Your Score History

You have not taken this quiz